Guidance and counselling for schools and colleges. / (Record no. 17475)
[ view plain ]
| 000 -LEADER | |
|---|---|
| fixed length control field | 00738cam a22002292 4500 |
| 001 - CONTROL NUMBER | |
| control field | 0000006198 |
| 003 - CONTROL NUMBER IDENTIFIER | |
| control field | OSt |
| 005 - DATE AND TIME OF LATEST TRANSACTION | |
| control field | 20190223135135.0 |
| 008 - FIXED-LENGTH DATA ELEMENTS--GENERAL INFORMATION | |
| fixed length control field | 070925s xx 000 0 eng d |
| 020 ## - INTERNATIONAL STANDARD BOOK NUMBER | |
| International Standard Book Number | 9966855572 : |
| 040 ## - CATALOGING SOURCE | |
| Original cataloging agency | KABU |
| Transcribing agency | KABU |
| 050 ## - LIBRARY OF CONGRESS CALL NUMBER | |
| Classification number | LB1027.5 |
| Item number | .L88 2008 c. 1 |
| 100 1# - MAIN ENTRY--PERSONAL NAME | |
| Personal name | Lutomia, George A. |
| 245 10 - TITLE STATEMENT | |
| Title | Guidance and counselling for schools and colleges. / |
| Statement of responsibility, etc. | George A. Lutomia & Laban W. Sikolia |
| 260 ## - PUBLICATION, DISTRIBUTION, ETC. (IMPRINT) | |
| Place of publication, distribution, etc. | Nairobi : |
| Name of publisher, distributor, etc. | Uzima Publishing House |
| Date of publication, distribution, etc. | 2008. |
| 300 ## - PHYSICAL DESCRIPTION | |
| Extent | xi, 91 p. |
| 650 #0 - SUBJECT ADDED ENTRY--TOPICAL TERM | |
| Topical term or geographic name as entry element | Educational counselling. |
| 700 1# - ADDED ENTRY--PERSONAL NAME | |
| Personal name | Sikolia, Laban W. |
| 908 ## - PUT COMMAND PARAMETER (RLIN) | |
| Put command parameter | 070925 |
| 942 ## - ADDED ENTRY ELEMENTS (KOHA) | |
| Source of classification or shelving scheme | Library of Congress Classification |
| Koha item type | General Collection |
| Classification part | LB1027.5 |
| Item part | .L88 2008 c. 1 |
| Withdrawn status | Lost status | Source of classification or shelving scheme | Not for loan | Home library | Current library | Date acquired | Cost, normal purchase price | Total Checkouts | Full call number | Barcode | Date last seen | Copy number | Price effective from | Koha item type |
|---|---|---|---|---|---|---|---|---|---|---|---|---|---|---|
| Library of Congress Classification | Kabarak, Main Campus | Kabarak, Main Campus | 23/02/2019 | 465.00 | LB1027.5 .L88 2008 c. 1 | 027942 | 23/02/2019 | c. 1 | 23/02/2019 | General Collection |